[Event "World Rapid 2015"]
[Site "Berlin GER"]
[Date "2015.10.11"]
[Round "6.66"]
[White "Handke, Florian"]
[Black "Bruedigam, Martin"]
[Result "0-1"]
[WhiteElo "2531"]
[BlackElo "2375"]
[PlyCount "104"]
[EventDate "2015.10.10"]
[EventType "rapid"]

1. Nf3 Nf6 2. b3 d5 3. Bb2 Bf5 4. g3 e6 5. Bg2 h6 6. O-O Nbd7 7. d3 Be7 8. Nbd2
O-O 9. Re1 c6 10. e4 Bh7 11. Qe2 a5 12. a3 b5 13. c4 Qb6 14. Rab1 Nc5 15. Ne5
dxe4 16. dxe4 b4 17. axb4 axb4 18. Nxc6 Qxc6 19. e5 Nd5 20. cxd5 exd5 21. Rbc1
Qe6 22. Nf3 Nd3 23. Nd4 Nxc1 24. Rxc1 Qd7 25. e6 fxe6 26. Nxe6 Rfc8 27. Rd1 Ra5
28. Nxg7 Rc2 29. Qe5 Qd6 30. Qd4 Rxb2 31. Nh5 Qg6 32. Bxd5+ Rxd5 33. Qxd5+ Qf7
34. Qa8+ Bf8 35. Nf4 Rxb3 36. Qc8 Bf5 37. Qc6 Rc3 38. Qb5 b3 39. h4 Rc5 40. Qb6
Bg4 41. Rd8 Rc1+ 42. Kg2 Bf5 43. Qxh6 Be4+ 44. f3 Rc2+ 45. Kh3 Qd7+ 46. Rxd7
Bf5+ 47. g4 Bxh6 48. Rd8+ Kf7 49. Nd5 Be6 50. Nb4 Bf4 51. Nxc2 bxc2 52. Rd4
c1=Q 0-1

[Event "World Rapid 2015"]
[Site "Berlin GER"]
[Date "2015.10.11"]
[Round "6.67"]
[White "Przybylski, Wojciech"]
[Black "Richter, Michael"]
[Result "1-0"]
[WhiteElo "2354"]
[BlackElo "2517"]
[PlyCount "141"]
[EventDate "2015.10.10"]
[EventType "rapid"]

1. e4 e6 2. d4 d5 3. Nc3 Nf6 4. Bg5 Bb4 5. Nge2 dxe4 6. a3 Be7 7. Bxf6 gxf6 8.
Nxe4 b6 9. g4 h5 10. Bg2 hxg4 11. Nxf6+ Bxf6 12. Bxa8 c6 13. Qd3 Rh3 14. Qe4
Qd5 15. Qxd5 exd5 16. O-O Ba6 17. Rfe1 Kd7 18. Rad1 Kc7 19. Nf4 Rf3 20. Nh5 Bh4
21. Ng3 f5 22. Re3 f4 23. Rxf3 gxf3 24. Nf5 Bf6 25. b3 Be2 26. Rc1 b5 27. c3
Nd7 28. Nh6 Nb6 29. Ng4 Bg7 30. h4 Nxa8 31. h5 Nb6 32. h6 Bh8 33. Ne5 a5 34.
Ng6 Bf6 35. Nxf4 a4 36. bxa4 Nxa4 37. h7 Kd6 38. Kh2 Ke7 39. Rg1 Kf7 40. Rg6
Bh8 41. Rg8 Nxc3 42. Rxh8 Kg7 43. Rc8 Kxh7 44. Rxc6 Ne4 45. Kg1 Bc4 46. Nh5 Nc3
47. Nf6+ Kg7 48. Ng4 Ne2+ 49. Kh2 Nxd4 50. Rd6 Nc2 51. Ne5 Nxa3 52. Nxf3 b4 53.
Rb6 Nc2 54. Nd2 Ba2 55. Kg3 Kf7 56. f4 d4 57. Kf3 Bd5+ 58. Ke2 b3 59. Nxb3 Bc4+
60. Kd2 Ne3 61. Nxd4 Nd5 62. Rc6 Ba2 63. f5 Ne7 64. Rb6 Bd5 65. Ke3 Ba2 66. Rd6
Bb1 67. Kf4 Ba2 68. Ke5 Bc4 69. Nf3 Nc8 70. Rc6 Bd5 71. Ng5+ 1-0

[Event "World Rapid 2015"]
[Site "Berlin GER"]
[Date "2015.10.11"]
[Round "6.68"]
[White "Breutigam, Martin"]
[Black "Bezold, Michael"]
[Result "0-1"]
[WhiteElo "2380"]
[BlackElo "2509"]
[PlyCount "100"]
[EventDate "2015.10.10"]
[EventType "rapid"]

1. d4 d6 2. Nf3 Bg4 3. Qd3 c6 4. e4 Nf6 5. Nbd2 e6 6. Qe3 Be7 7. Bd3 Bh5 8. h3
Bg6 9. O-O O-O 10. Re1 Nbd7 11. c3 a6 12. a4 Nb6 13. a5 Nbd5 14. Qe2 Nf4 15.
Qf1 Nxd3 16. Qxd3 d5 17. Ne5 Bxe4 18. Nxe4 Nxe4 19. f3 Bh4 20. Rf1 Ng3 21. Rd1
f6 22. Ng4 Qd6 23. b3 Rf7 24. Ra2 Re8 25. b4 Qc7 26. Be3 h5 27. Nh2 Nf5 28. Bf2
Bxf2+ 29. Rxf2 Qf4 30. Re1 e5 31. Nf1 Rfe7 32. Rfe2 exd4 33. g3 Qd6 34. Rxe7
Rxe7 35. Rxe7 Nxe7 36. Qxd4 Nf5 37. Qf2 Qe5 38. g4 hxg4 39. hxg4 Nd6 40. Qd2
Nb5 41. Ne3 Qg3+ 42. Ng2 Qxf3 43. c4 dxc4 44. g5 Qd5 45. Qe2 Qxg5 46. Qxc4+ Qd5
47. Qe2 Nd4 48. Qe8+ Kh7 49. Ne3 Qf3 50. Qe7 Ne2+ 0-1

[Event "World Rapid 2015"]
[Site "Berlin GER"]
[Date "2015.10.11"]
[Round "6.69"]
[White "Schneider, Ilja"]
[Black "Berend, Elvira"]
[Result "1-0"]
[WhiteElo "2481"]
[BlackElo "2370"]
[PlyCount "65"]
[EventDate "2015.10.10"]
[EventType "rapid"]

1. d4 Nf6 2. Bg5 Ne4 3. Bf4 d5 4. e3 c5 5. Bd3 Nc6 6. Bxe4 dxe4 7. d5 Nb4 8.
Nc3 Qb6 9. Qd2 Bf5 10. a3 Na6 11. O-O-O e6 12. dxe6 Qxe6 13. Nge2 Be7 14. Qd5
Qxd5 15. Rxd5 Be6 16. Re5 O-O 17. Rxe4 Rfe8 18. Rd1 h6 19. Bd6 Bf6 20. Nf4 Bxc3
21. bxc3 Bg4 22. Rxe8+ Rxe8 23. f3 Be6 24. Nxe6 Rxe6 25. e4 f6 26. c4 Re8 27.
Rd5 Rc8 28. Bg3 Rf8 29. Kb2 b6 30. Rd7 Rf7 31. Rxf7 Kxf7 32. Kb3 Ke6 33. Ka4
1-0

[Event "World Rapid 2015"]
[Site "Berlin GER"]
[Date "2015.10.11"]
[Round "6.70"]
[White "Hasangatin, Ramil"]
[Black "Zepeda, Lorena"]
[Result "1-0"]
[WhiteElo "2509"]
[BlackElo "2106"]
[PlyCount "105"]
[EventDate "2015.10.10"]
[EventType "rapid"]

1. d4 Nf6 2. Nc3 d5 3. Bg5 Bf5 4. Bxf6 exf6 5. e3 c6 6. Bd3 Bg6 7. h4 Bb4 8.
Nge2 Nd7 9. h5 Bxd3 10. Qxd3 Nb6 11. e4 O-O 12. O-O dxe4 13. Nxe4 Re8 14. c3
Bf8 15. Qf3 h6 16. Rfe1 Qd5 17. Nf4 Qf5 18. Ng3 Qd7 19. Nd3 Rxe1+ 20. Rxe1 Re8
21. Rxe8 Qxe8 22. Qe4 Qxe4 23. Nxe4 Nc4 24. Kf1 Nd6 25. Nxd6 Bxd6 26. Ke2 Kf8
27. Ke3 Ke7 28. b4 f5 29. c4 Kf6 30. f4 g5 31. g3 gxf4+ 32. gxf4 Ke6 33. a3 b6
34. Nc1 a5 35. c5 bxc5 36. dxc5 Bc7 37. Ne2 axb4 38. axb4 Kd5 39. Kd3 Bb8 40.
Nc3+ Ke6 41. Ke3 Ba7 42. Ne2 Bb8 43. Nd4+ Kd5 44. Nxf5 Bc7 45. Ne7+ Kc4 46.
Nxc6 Kb5 47. Ne7 Bd8 48. Nd5 Kc6 49. Kd4 Bh4 50. Kc4 Bf2 51. b5+ Kb7 52. c6+
Kc8 53. b6 1-0

[Event "World Rapid 2015"]
[Site "Berlin GER"]
[Date "2015.10.11"]
[Round "6.71"]
[White "Carstensen, Jacob"]
[Black "Krnan, Tomas"]
[Result "0-1"]
[WhiteElo "2352"]
[BlackElo "2440"]
[PlyCount "112"]
[EventDate "2015.10.10"]
[EventType "rapid"]

1. d4 Nf6 2. c4 g6 3. Nc3 Bg7 4. e4 d6 5. Nf3 O-O 6. Be2 e5 7. Be3 Ng4 8. Bg5
f6 9. Bh4 g5 10. Bg3 Nc6 11. d5 Nd4 12. Nxd4 exd4 13. Qxd4 f5 14. Qd1 Bxc3+ 15.
bxc3 Qf6 16. O-O Nh6 17. exf5 Nxf5 18. Qd2 Bd7 19. Bd3 Rae8 20. Rae1 b6 21.
Bxf5 Bxf5 22. f4 g4 23. Bf2 Be4 24. Bd4 Qf5 25. Re3 h5 26. h3 c5 27. dxc6 Bxc6
28. hxg4 hxg4 29. Qf2 Rxe3 30. Qxe3 Re8 31. Qg3 Re2 32. Rf2 Re1+ 33. Rf1 Re2
34. Rf2 Re1+ 35. Rf1 Rxf1+ 36. Kxf1 Qb1+ 37. Kf2 Qxa2+ 38. Kg1 Qe2 39. f5 Qe4
40. f6 Kf7 41. Qf2 a5 42. Bxb6 a4 43. Ba5 a3 44. Bb4 Qb1+ 45. Kh2 a2 46. Qa7+
Kxf6 47. Qd4+ Kf5 48. Bxd6 Qe4 49. Qf2+ Ke6 50. Qxa2 Kxd6 51. Qd2+ Kc5 52. Kg3
Kxc4 53. Kh4 Bd5 54. Qg5 Be6 55. Qd2 Qh7+ 56. Kg3 Qd3+ 0-1

[Event "World Rapid 2015"]
[Site "Berlin GER"]
[Date "2015.10.11"]
[Round "6.72"]
[White "Gutov, Andrey"]
[Black "Choukri, Adel"]
[Result "1-0"]
[WhiteElo "2384"]
[BlackElo "2199"]
[PlyCount "120"]
[EventDate "2015.10.10"]
[EventType "rapid"]

1. d4 Nf6 2. c4 c5 3. d5 b5 4. cxb5 a6 5. bxa6 g6 6. Nc3 Bg7 7. g3 O-O 8. Bg2
d6 9. Nf3 Bxa6 10. O-O Nbd7 11. Rb1 Qa5 12. Bd2 Rfb8 13. Qc2 Ng4 14. a4 Nge5
15. Nxe5 Nxe5 16. b3 Qb6 17. h3 Ra7 18. Kh2 Nd7 19. f4 Rab7 20. Bf3 Qc7 21. Na2
Qb6 22. Kg2 Nf6 23. b4 cxb4 24. Nxb4 Ra8 25. Nc6 Qc7 26. Ba5 Qd7 27. Bb6 e6 28.
dxe6 fxe6 29. Rfc1 Nd5 30. Bxd5 exd5 31. a5 Bc4 32. Nb4 Re8 33. Re1 Qb5 34. e3
Rxb6 35. axb6 Qxb6 36. Qd2 Qa5 37. Rbd1 Rb8 38. Nc6 Qxd2+ 39. Rxd2 Bc3 40. Nxb8
Bxd2 41. Rd1 Bxe3 42. Nc6 Kf7 43. Nd4 Kf6 44. Kf3 Bxd4 45. Rxd4 Ke6 46. Rd1 Bb3
47. Re1+ Kf6 48. Ke3 Bc2 49. g4 g5 50. Re2 Be4 51. Rf2 h6 52. Rb2 Ke6 53. Rb8
Bg2 54. Rh8 gxf4+ 55. Kxf4 d4 56. Rxh6+ Kd5 57. g5 d3 58. Ke3 Be4 59. g6 Ke6
60. g7+ Kf7 1-0

[Event "World Rapid 2015"]
[Site "Berlin GER"]
[Date "2015.10.11"]
[Round "6.73"]
[White "Abel, Dennes"]
[Black "Camacho Collados, Jose"]
[Result "1-0"]
[WhiteElo "2441"]
[BlackElo "2383"]
[PlyCount "129"]
[EventDate "2015.10.10"]
[EventType "rapid"]

1. d4 Nf6 2. c4 e6 3. g3 Bb4+ 4. Bd2 c5 5. Bg2 Bxd2+ 6. Qxd2 cxd4 7. Qxd4 O-O
8. Nc3 Nc6 9. Qd2 b6 10. Nh3 Bb7 11. O-O Na5 12. Bxb7 Nxb7 13. Rfd1 Rc8 14. b3
Qe7 15. Nf4 h6 16. Rac1 Rfd8 17. Qe3 Qc5 18. Qf3 Qc6 19. Kg2 g5 20. Nd3 Qxf3+
21. Kxf3 Kf8 22. h3 Ke7 23. e4 d6 24. Ke3 Nc5 25. f3 h5 26. Nf2 g4 27. hxg4
hxg4 28. f4 Nh5 29. Rg1 f5 30. Rce1 Kf7 31. Kd2 Nf6 32. Kc2 Ncxe4 33. Nfxe4
Nxe4 34. Nxe4 fxe4 35. Rxe4 d5 36. Rd4 b5 37. Rgd1 Rh8 38. Kc3 Rh3 39. R1d3 a5
40. a3 Kf6 41. Re3 a4 42. Kb4 axb3 43. cxd5 b2 44. Rb3 Rc2 45. Kxb5 Rh1 46.
Rdb4 exd5 47. Rxb2 Rc3 48. R2b3 Rhc1 49. a4 d4 50. a5 Rxb3 51. Rxb3 Rc3 52. Ka4
Rc1 53. a6 Rc6 54. Kb5 Rc3 55. Kb4 Rc7 56. Ra3 Ra7 57. Kc4 Ke6 58. Kxd4 Kd6 59.
Ke4 Kc5 60. Kf5 Kb4 61. Ra1 Kc5 62. Kxg4 Kb6 63. Kf3 Kc7 64. g4 Kb8 65. g5 1-0

[Event "World Rapid 2015"]
[Site "Berlin GER"]
[Date "2015.10.11"]
[Round "6.74"]
[White "Meister, Jakob"]
[Black "Ben Artzi, Ido"]
[Result "1/2-1/2"]
[WhiteElo "2437"]
[BlackElo "2419"]
[PlyCount "135"]
[EventDate "2015.10.10"]
[EventType "rapid"]

1. d4 Nf6 2. Bf4 c5 3. dxc5 Na6 4. Qd4 Qa5+ 5. Nc3 Nxc5 6. b4 Ne6 7. bxa5 Nxd4
8. O-O-O Ne6 9. Bd2 d5 10. Nf3 g6 11. Be1 Nc7 12. e3 Bg7 13. Nb5 Nxb5 14. Bxb5+
Bd7 15. Bxd7+ Kxd7 16. Bc3 Rhc8 17. Bxf6 Bxf6 18. Rxd5+ Ke6 19. Rb5 Rc4 20. Rd1
Rac8 21. Rd2 R8c5 22. Rxc5 Rxc5 23. a6 b6 24. Nd4+ Bxd4 25. exd4 Ra5 26. Re2+
Kd6 27. Kb2 Rxa6 28. c4 Ra5 29. Kb3 e5 30. c5+ bxc5 31. dxe5+ Kd5 32. f4 Rb5+
33. Kc3 Rb1 34. Rd2+ Ke4 35. g3 Rc1+ 36. Kb2 Rh1 37. a4 h5 38. a5 h4 39. gxh4
Kxf4 40. Re2 Rd1 41. Rf2+ Kxe5 42. Rxf7 Rd2+ 43. Kb3 Rxh2 44. Rxa7 Rxh4 45. a6
Rb4+ 46. Ka3 Rb1 47. Ka4 c4 48. Rc7 Kd4 49. a7 c3 50. Ka5 Kd3 51. Rd7+ Ke2 52.
Re7+ Kd2 53. Rd7+ Ke2 54. Re7+ Kd3 55. Rd7+ Ke3 56. Re7+ Kd2 57. Rd7+ Kc1 58.
Rd4 Ra1+ 59. Ra4 Rxa4+ 60. Kxa4 Kb2 61. a8=Q c2 62. Qb8+ Ka1 63. Qe5+ Kb1 64.
Qe4 Kb2 65. Qd4+ Kb1 66. Qd3 Kb2 67. Qd2 Kb1 68. Kb3 1/2-1/2

[Event "World Rapid 2015"]
[Site "Berlin GER"]
[Date "2015.10.11"]
[Round "6.75"]
[White "Carow, Johannes"]
[Black "Thornton, Giovanni Antonio"]
[Result "1-0"]
[WhiteElo "2431"]
[BlackElo "2207"]
[PlyCount "109"]
[EventDate "2015.10.10"]
[EventType "rapid"]

1. d4 Nf6 2. c4 e6 3. Nc3 Bb4 4. Qc2 O-O 5. a3 Bxc3+ 6. Qxc3 b6 7. Bg5 Bb7 8.
f3 h6 9. Bh4 d5 10. e3 Nbd7 11. cxd5 exd5 12. Bd3 Re8 13. Ne2 Qe7 14. Bf2 Rac8
15. O-O c5 16. Qd2 Nf8 17. b4 cxd4 18. Nxd4 N8d7 19. Bf5 Rc4 20. Bd3 Rcc8 21.
Rfe1 Ne5 22. Bb5 Red8 23. Bh4 a6 24. Ba4 Ng6 25. Bg3 Ne5 26. Kh1 Nc4 27. Qf2 b5
28. Bc2 Re8 29. Bh4 Qd6 30. Nf5 Qe5 31. f4 Qe6 32. Qg3 Nh5 33. Qg4 Nxa3 34. Bd3
Rc3 35. Rad1 Nc2 36. Qxh5 Rxd3 37. Rxd3 Nxe1 38. Bxe1 Qe4 39. Rd4 Qb1 40. Rd1
Qc2 41. Qg4 g6 42. Nd4 Qe4 43. Bf2 Bc8 44. Qf3 Qe7 45. Nc6 Qf6 46. Ne5 Bb7 47.
Be1 Qe7 48. Qh3 f6 49. Nxg6 Qxe3 50. Bg3 d4 51. Qxh6 Qe2 52. Qh8+ Kf7 53. Qh7+
Ke6 54. f5+ Kxf5 55. Nf4+ 1-0

[Event "World Rapid 2015"]
[Site "Berlin GER"]
[Date "2015.10.11"]
[Round "6.76"]
[White "Cordeiro, Marco Aurelio Zaror"]
[Black "Polzin, Rainer"]
[Result "0-1"]
[WhiteElo "2228"]
[BlackElo "2416"]
[PlyCount "64"]
[EventDate "2015.10.10"]
[EventType "rapid"]

1. e4 g6 2. d4 Bg7 3. f3 d6 4. Nc3 a6 5. Be3 b5 6. Qd2 Nd7 7. O-O-O Bb7 8. Kb1
Rc8 9. Nge2 c5 10. dxc5 Nxc5 11. Nd4 Nf6 12. Bh6 O-O 13. Bxg7 Kxg7 14. Bd3 b4
15. Nce2 a5 16. g4 e5 17. Nb3 Ne6 18. Bb5 Qb6 19. Ba4 d5 20. g5 Nh5 21. exd5
Nef4 22. Nxf4 Nxf4 23. Rhe1 Nxd5 24. Rxe5 Rfd8 25. Qe1 Nf4 26. Rb5 Qc7 27. Rc5
Rxd1+ 28. Qxd1 Rd8 29. Qe1 Qd6 30. Kc1 Bxf3 31. c3 Ne2+ 32. Kb1 Be4+ 0-1

[Event "World Rapid 2015"]
[Site "Berlin GER"]
[Date "2015.10.11"]
[Round "6.77"]
[White "Lagunow, Raphael"]
[Black "Thiede, Lars"]
[Result "1-0"]
[WhiteElo "2164"]
[BlackElo "2437"]
[PlyCount "139"]
[EventDate "2015.10.10"]
[EventType "rapid"]

1. e4 d6 2. d4 Nf6 3. Nc3 e5 4. dxe5 dxe5 5. Qxd8+ Kxd8 6. Bc4 Ke8 7. f3 c6 8.
a4 a5 9. Nge2 Na6 10. Be3 Nd7 11. O-O-O Bc5 12. Bxc5 Ndxc5 13. Rhf1 Be6 14.
Bxe6 Nxe6 15. g3 Ke7 16. f4 exf4 17. gxf4 Rad8 18. f5 Rxd1+ 19. Rxd1 Nec5 20.
Ng3 Nd7 21. Rf1 f6 22. b3 Nac5 23. Nh5 g6 24. Nf4 Ne5 25. Rd1 Rg8 26. Rg1 Kf7
27. h3 Rd8 28. Rd1 Rxd1+ 29. Kxd1 gxf5 30. exf5 Nf3 31. Ng2 Kg7 32. Ne3 Ne5 33.
Ke2 Kh6 34. Kf2 Kg7 35. Kg3 Kf7 36. Kf4 Ke7 37. Ne4 Nxe4 38. Kxe4 Kd6 39. Ng4
Nxg4 40. hxg4 Kc5 41. g5 Kd6 42. g6 hxg6 43. fxg6 Ke6 44. Kf4 b5 45. Kg4 Ke7
46. Kf5 b4 47. g7 Kf7 48. g8=Q+ Kxg8 49. Kxf6 Kf8 50. Ke6 Kg7 51. Kd6 Kf6 52.
Kc5 Ke5 53. Kb6 Kd4 54. Kxa5 Kc3 55. Kb6 Kxc2 56. a5 Kxb3 57. a6 Kc2 58. a7 b3
59. a8=Q b2 60. Qxc6+ Kb3 61. Qd5+ Ka3 62. Qd3+ Ka2 63. Qc2 Ka1 64. Qa4+ Kb1
65. Kc5 Kc1 66. Qc4+ Kd1 67. Qb3+ Kc1 68. Qc3+ Kb1 69. Kb4 Ka1 70. Kb3 1-0

[Event "World Rapid 2015"]
[Site "Berlin GER"]
[Date "2015.10.11"]
[Round "6.78"]
[White "Hilverda, Alexander"]
[Black "Carlstedt, Jonathan"]
[Result "1/2-1/2"]
[WhiteElo "2384"]
[BlackElo "2442"]
[PlyCount "150"]
[EventDate "2015.10.10"]
[EventType "rapid"]

1. d4 d5 2. c4 e6 3. Nc3 c5 4. cxd5 exd5 5. Nf3 Nc6 6. g3 Nf6 7. Bg2 Be7 8. O-O
O-O 9. Bg5 c4 10. Ne5 Be6 11. Nxc6 bxc6 12. b3 Qa5 13. Rc1 Rad8 14. Na4 c5 15.
Nxc5 Bxc5 16. dxc5 Qxc5 17. Bxf6 gxf6 18. Qc2 Rc8 19. Rfd1 Rfd8 20. e3 d4 21.
exd4 Rxd4 22. Rxd4 Qxd4 23. Rd1 Qe5 24. bxc4 Rxc4 25. Qd2 Kg7 26. h4 Qc5 27.
Qd3 Rc3 28. Qd4 Qxd4 29. Rxd4 Ra3 30. Bd5 Bxd5 31. Rxd5 Rxa2 32. Kg2 a5 33. Kf3
a4 34. Ra5 a3 35. Ke3 f5 36. f3 Rg2 37. Rxa3 Rxg3 38. Ra4 Kg6 39. Ra6+ f6 40.
Kf2 Rh3 41. Ra4 Kh5 42. Rf4 Rxh4 43. Rxf5+ Kg6 44. Ra5 Rb4 45. Kg3 f5 46. Ra8
h5 47. Rg8+ Kf7 48. Rh8 Kg6 49. Rg8+ Kh7 50. Rf8 h4+ 51. Kg2 Kg6 52. Rg8+ Kf6
53. Rh8 Kg5 54. Kf2 Rb2+ 55. Kf1 Ra2 56. Rh7 Ra1+ 57. Kf2 Ra2+ 58. Kf1 Kf4 59.
Rxh4+ Kg3 60. Rb4 Rf2+ 61. Kg1 Rxf3 62. Rb2 Ra3 63. Rg2+ Kf3 64. Rf2+ Ke4 65.
Re2+ Kd3 66. Rf2 Ra1+ 67. Kg2 Ke4 68. Re2+ Kf4 69. Rb2 Kg4 70. Kf2 f4 71. Rb3
Ra2+ 72. Kf1 Ra8 73. Kg2 Rh8 74. Kf1 f3 75. Rb7 Ra8 1/2-1/2

[Event "World Rapid 2015"]
[Site "Berlin GER"]
[Date "2015.10.11"]
[Round "6.79"]
[White "Osmanodja, Filiz"]
[Black "Petursson, Margeir"]
[Result "0-1"]
[WhiteElo "2291"]
[BlackElo "2520"]
[PlyCount "97"]
[EventDate "2015.10.10"]
[EventType "rapid"]

1. e4 c5 2. Nf3 Nc6 3. d4 cxd4 4. Nxd4 g6 5. Nc3 Bg7 6. Nb3 Nf6 7. Be2 O-O 8.
O-O d6 9. Bg5 a6 10. f4 b5 11. Bf3 b4 12. Na4 Bd7 13. a3 Rb8 14. axb4 Rxb4 15.
Nc3 Qb6+ 16. Kh1 Be6 17. Nc1 Rd4 18. Nd3 Bc4 19. Qe2 Nb4 20. Rfd1 Rb8 21. Bh4
Nxd3 22. cxd3 Bb3 23. Rdc1 Rb4 24. e5 dxe5 25. Bf2 Qd8 26. fxe5 Nd5 27. d4 Bc4
28. Qe4 Rxb2 29. Nd1 Rxf2 30. Nxf2 Nb6 31. Rab1 Bd5 32. Qg4 Bh6 33. Rc3 e6 34.
Bxd5 Nxd5 35. Rcb3 Rc8 36. Ne4 Qc7 37. h3 Qc2 38. Rb8 Rxb8 39. Rxb8+ Kg7 40.
Qh4 Qd1+ 41. Kh2 Bf4+ 42. Qxf4 Nxf4 43. Nf6 Qe2 44. Rg8+ Kh6 45. Kg3 Nh5+ 46.
Nxh5 Qxh5 47. h4 Qd1 48. Kh3 Kh5 49. Rg7 0-1

[Event "World Rapid 2015"]
[Site "Berlin GER"]
[Date "2015.10.11"]
[Round "7.20"]
[White "Bocharov, Dmitry"]
[Black "Savchenko, Boris"]
[Result "1-0"]
[WhiteElo "2560"]
[BlackElo "2567"]
[PlyCount "93"]
[EventDate "2015.10.10"]
[EventType "rapid"]

1. d4 Nf6 2. c4 e6 3. Nc3 d5 4. Bg5 c6 5. e3 Nbd7 6. Qc2 Qa5 7. Bh4 Ne4 8. Bd3
Nxc3 9. bxc3 b6 10. Nf3 dxc4 11. Bxc4 Ba6 12. Qd3 Bxc4 13. Qxc4 Rc8 14. O-O Bd6
15. Rfd1 O-O 16. a4 Rfe8 17. e4 Bf8 18. Bg3 Be7 19. Nd2 Nf6 20. Qd3 Red8 21.
Nb3 Qg5 22. c4 Nh5 23. Qf3 a6 24. Rac1 Qg6 25. a5 b5 26. cxb5 Nxg3 27. hxg3
cxb5 28. e5 Bg5 29. Rc6 Rxc6 30. Qxc6 h5 31. f4 Be7 32. Qf3 Rc8 33. d5 exd5 34.
Rxd5 h4 35. g4 Qc2 36. Rd7 Rc3 37. Qd5 Rxb3 38. Kh2 Qc4 39. Qxc4 bxc4 40. Rxe7
Rg3 41. Rc7 c3 42. f5 g5 43. Rc6 Rxg4 44. Rxc3 Rf4 45. f6 Ra4 46. Rc8+ Kh7 47.
e6 1-0

[Event "World Rapid 2015"]
[Site "Berlin GER"]
[Date "2015.10.11"]
[Round "7.22"]
[White "Akopian, Vladimir"]
[Black "Ponkratov, Pavel"]
[Result "1/2-1/2"]
[WhiteElo "2648"]
[BlackElo "2604"]
[PlyCount "70"]
[EventDate "2015.10.10"]
[EventType "rapid"]

1. Nf3 Nf6 2. c4 e6 3. g3 b6 4. Bg2 Bb7 5. O-O c5 6. b3 Be7 7. Bb2 O-O 8. e3 d6
9. Nc3 Nbd7 10. Rc1 a6 11. Qe2 Qc7 12. d4 Ne4 13. Rfd1 Nxc3 14. Bxc3 Nf6 15.
Nd2 Bxg2 16. Kxg2 cxd4 17. Bxd4 b5 18. Qf3 Qb8 19. c5 dxc5 20. Bxf6 gxf6 21.
Ne4 Qe5 22. Rd7 f5 23. Rxe7 fxe4 24. Qg4+ Kh8 25. Rd1 Rae8 26. Rxe8 Rxe8 27.
Rd7 Rf8 28. Ra7 c4 29. bxc4 bxc4 30. Rxa6 Rc8 31. Ra7 h5 32. Qd1 Qd5 33. Rd7
Qxd1 34. Rxd1 Kg7 35. a4 c3 1/2-1/2

[Event "World Rapid 2015"]
[Site "Berlin GER"]
[Date "2015.10.11"]
[Round "7.29"]
[White "Safarli, Eltaj"]
[Black "Iturrizaga Bonelli, Eduardo"]
[Result "1/2-1/2"]
[WhiteElo "2657"]
[BlackElo "2641"]
[PlyCount "44"]
[EventDate "2015.10.10"]
[EventType "rapid"]

1. d4 Nf6 2. Bg5 d5 3. Bxf6 exf6 4. e3 Bd6 5. g3 O-O 6. Bg2 c6 7. Nd2 Be6 8.
Ne2 Nd7 9. O-O f5 10. Rc1 Nf6 11. c4 dxc4 12. Nxc4 Bd5 13. Bxd5 Nxd5 14. Qb3
Rb8 15. Nc3 Nf6 16. Rfd1 a6 17. Qb6 Qe7 18. Nxd6 Qxd6 19. b4 Rfd8 20. a3 h5 21.
Qc5 Qe6 22. Ne2 Nd5 1/2-1/2

[Event "World Rapid 2015"]
[Site "Berlin GER"]
[Date "2015.10.11"]
[Round "7.31"]
[White "Meier, Georg"]
[Black "Shabalov, Alexander"]
[Result "1-0"]
[WhiteElo "2654"]
[BlackElo "2522"]
[PlyCount "153"]
[EventDate "2015.10.10"]
[EventType "rapid"]

1. Nf3 Nf6 2. g3 b6 3. Bg2 Bb7 4. O-O g6 5. b3 Bg7 6. Bb2 O-O 7. c4 e6 8. Nc3
d5 9. cxd5 exd5 10. d4 Re8 11. Rc1 a6 12. Rc2 Nbd7 13. e3 c5 14. Ne2 Rc8 15.
Nf4 c4 16. Ne5 b5 17. bxc4 bxc4 18. Nxc4 Rxc4 19. Rxc4 dxc4 20. Bxb7 Qb6 21.
Qf3 Qxb2 22. Bxa6 c3 23. a4 Ne4 24. Nd3 Qb3 25. Bb5 Nd2 26. Qc6 Nf6 27. Rc1 Rb8
28. Qxc3 Nf3+ 29. Kg2 Rxb5 30. axb5 Qd5 31. Nf4 Nh4+ 32. Kg1 Nf3+ 33. Kh1 Qxb5
34. Qc6 Qb2 35. Kg2 Ng5 36. Rc2 Qa3 37. h4 Nge4 38. Nd5 h5 39. Nxf6+ Nxf6 40.
Qb7 Ng4 41. Rc8+ Bf8 42. Qf3 Qd6 43. Rc6 Qd7 44. Rb6 Bd6 45. Qe4 Qd8 46. Rb7
Qf6 47. Qf3 Qe6 48. Rb6 Qe7 49. Rb7 Qe6 50. Ra7 Kg7 51. Ra6 Qe7 52. Qd5 Bb4 53.
Qf3 Be1 54. Ra2 Qe6 55. Re2 Bc3 56. Rc2 Qb3 57. Re2 Qd1 58. Ra2 Qb3 59. Ra7 Be1
60. d5 Ne5 61. Qe4 Qb2 62. Qf4 Bc3 63. Rc7 Qb3 64. Qe4 Qb2 65. d6 Qd2 66. Qf4
Qd5+ 67. e4 Qd1 68. Rxc3 Qxd6 69. Rb3 Qe6 70. Qe3 Qc4 71. Rc3 Qb4 72. Rc7 Qa4
73. Rc5 Ng4 74. Qc3+ Kh7 75. Qc4 Qa7 76. Qd4 Qb7 77. Rd5 1-0

[Event "World Rapid 2015"]
[Site "Berlin GER"]
[Date "2015.10.11"]
[Round "7.35"]
[White "Vovk, Yuri"]
[Black "Vitiugov, Nikita"]
[Result "0-1"]
[WhiteElo "2617"]
[BlackElo "2725"]
[PlyCount "82"]
[EventDate "2015.10.10"]
[EventType "rapid"]

1. d4 d5 2. c4 c6 3. Nf3 Nf6 4. Nc3 dxc4 5. a4 Bf5 6. Ne5 e6 7. f3 Bb4 8. e4
Bxe4 9. fxe4 Nxe4 10. Bd2 Qxd4 11. Nxe4 Qxe4+ 12. Qe2 Bxd2+ 13. Kxd2 Qd5+ 14.
Kc3 O-O 15. Qe3 b5 16. Be2 Nd7 17. Nxd7 Qxd7 18. Bf3 Rab8 19. Rhd1 Qc7 20. Qc5
bxa4 21. Rxa4 Rb3+ 22. Kc2 Qb8 23. Ra2 Rxf3 24. gxf3 Qb3+ 25. Kc1 Qxa2 26. Rd7
Qa1+ 27. Kc2 Qa4+ 28. Kc1 Qb5 29. Qe7 h6 30. Rxa7 c3 31. bxc3 Qf1+ 32. Kc2 Qxf3
33. Qc7 Qe2+ 34. Kb3 Qb5+ 35. Kc2 e5 36. Rb7 Qe2+ 37. Kb3 Qe4 38. Rb6 Qd5+ 39.
Kb4 e4 40. Rxc6 e3 41. Rc5 Qe4+ 0-1

[Event "World Rapid 2015"]
[Site "Berlin GER"]
[Date "2015.10.11"]
[Round "7.36"]
[White "Agrest, Evgenij"]
[Black "Bartel, Mateusz"]
[Result "0-1"]
[WhiteElo "2596"]
[BlackElo "2622"]
[PlyCount "146"]
[EventDate "2015.10.10"]
[EventType "rapid"]

1. Nf3 d5 2. c4 c6 3. e3 Nf6 4. Qc2 a6 5. h3 e6 6. b3 c5 7. cxd5 exd5 8. Ba3
Be6 9. Be2 Nbd7 10. Ng5 Qb6 11. O-O Rc8 12. f4 h6 13. Nxe6 Qxe6 14. Bf3 b5 15.
Bb2 Be7 16. Nc3 b4 17. Ne2 O-O 18. Ng3 Rfe8 19. Rae1 Bf8 20. d3 c4 21. bxc4
dxc4 22. dxc4 Rxc4 23. Qb1 Nc5 24. Kh2 Nfe4 25. Nxe4 Nxe4 26. Qd3 Nc3 27. Kh1
a5 28. Rc1 Rc7 29. Bxc3 bxc3 30. Rxc3 Rxc3 31. Qxc3 Qxa2 32. e4 Bb4 33. Qc6 Qe6
34. Qb5 Rc8 35. Rd1 Qf6 36. f5 Bc3 37. Be2 Qe5 38. Qd7 Rf8 39. Bd3 Qg3 40. Bc4
Be5 41. Kg1 Qe3+ 42. Kh1 Qxe4 43. Bd5 Qf4 44. Kg1 a4 45. Qe7 Qxf5 46. Bc4 Qf4
47. Ba2 Qe3+ 48. Kf1 Qc3 49. Bd5 a3 50. Qa7 Kh8 51. Bf3 Qc4+ 52. Be2 Qf4+ 53.
Bf3 Bb2 54. Qe7 Kg8 55. Qa7 Qc4+ 56. Be2 Qe6 57. Qb7 Qe3 58. Qd5 a2 59. Qxa2
Bd4 60. Rxd4 Qxd4 61. Bf3 Rc8 62. Qa3 Qd2 63. Kg1 Qc1+ 64. Qxc1 Rxc1+ 65. Kf2
Kf8 66. Be4 Ke7 67. Bf3 Kd6 68. Be4 Ke5 69. Bf3 f5 70. Bb7 Kf4 71. g3+ Ke5 72.
Ba8 f4 73. Bb7 Rc2+ 0-1

[Event "World Rapid 2015"]
[Site "Berlin GER"]
[Date "2015.10.11"]
[Round "7.37"]
[White "Shchekachev, Andrei"]
[Black "Khairullin, Ildar"]
[Result "1/2-1/2"]
[WhiteElo "2531"]
[BlackElo "2652"]
[PlyCount "102"]
[EventDate "2015.10.10"]
[EventType "rapid"]

1. Nf3 c5 2. c4 Nc6 3. Nc3 g6 4. g3 Bg7 5. Bg2 d6 6. d3 Nh6 7. h4 Ng4 8. h5
Nge5 9. hxg6 hxg6 10. Rxh8+ Bxh8 11. Bg5 Qa5 12. Qd2 Nxf3+ 13. Bxf3 Nd4 14. Bg2
Nb3 15. axb3 Qxa1+ 16. Nd1 Bd7 17. Qe3 e6 18. Qf4 Bxb2 19. Qxd6 Bc3+ 20. Bd2
Bxd2+ 21. Kxd2 Qa5+ 22. Nc3 O-O-O 23. Qe7 f5 24. Kc2 Qc7 25. Qf6 a6 26. f4 Kb8
27. Bf3 Re8 28. Qxg6 Qd6 29. Nd5 Rd8 30. Nf6 Bc6 31. Bxc6 Qxc6 32. Nh7 Rh8 33.
Qg7 Re8 34. Ng5 Qc7 35. Qf6 Qe7 36. Qe5+ Ka8 37. Kd2 b6 38. Kc2 Qd7 39. Qe3 a5
40. Nf3 a4 41. Ne5 axb3+ 42. Kxb3 Qb7 43. g4 fxg4 44. Nxg4 b5 45. Kc2 bxc4 46.
dxc4 Qc6 47. Ne5 Qa4+ 48. Kd2 Rd8+ 49. Ke1 Qd1+ 50. Kf2 Qd4 51. Nd3 Qxc4
1/2-1/2